Sports Quiz

Random Sports or Baseball Quiz

MLB Teams by Minor League Affiliates Quiz Stats

Quiz not verified by Sporcle

Challenge
Share
Tweet
Embed
Score 0/30 Timer 05:00
0 Plays Today
Minor League Affiliates Teams % Correct
Pawtucket Red Sox, Portland Sea Dogs, Salem Red SoxBoston Red Sox
88.1%
Columbus Clippers, Akron Aeros, Kingston IndiansCleveland Indians
86.6%
Scranton/Wilkes-Barre Yankees, Trenton Thunder, Tampa YankeesNew York Yankees
86.6%
Buffalo Bisons, Binghamton Mets, St. Lucie MetsNew York Mets
86.6%
Gwinnett Braves, Mississippi Braves, Lynchburg HillcatsAtlanta Braves
85.1%
Fresno Grizzlies, Richmond Flying Squirrels, San Jose GiantsSan Francisco Giants
85.1%
Memphis Redbirds, Springfield Cardinals, Palm Beach CardinalsSt. Louis Cardinals
85.1%
Iowa Cubs, Tennessee Smokies, Daytona CubsChicago Cubs
83.6%
Syracuse Chiefs, Harrisburg Senators, Potomac NationalsWashington Nationals
83.6%
Toledo Mud Hens, Erie SeaWolves, Lakeland Flying TigersDetroit Tigers
79.1%
Lehigh Valley Iron Pigs, Reading Phillies, Clearwater ThreshersPhiladelphia Phillies
79.1%
Colorado Springs Sky Sox, Tulsa Drillers, Modesto NutsColorado Rockies
77.6%
Tucson Padres, San Antonio Missions, Lake Elsnoire StormSan Deigo Padres
76.1%
Las Vegas 51s, New Hampshire Fisher Cats, Dunedin Blue JaysToronto Blue Jays
74.6%
Tacoma Rainiers, Jackson Generals, High Desert MavericksSeattle Mariners
67.2%
Minor League Affiliates Teams % Correct
Durham Bulls, Montgomery Biscuits, Charlotte Stone CrabsTampa Bay Rays
65.7%
Norfolk Tides, Bowie Baysox, Frederick KeysBaltimore Orioles
64.2%
Omaha Storm Chasers, NW Arkansas Naturals, Wilmington Blue RocksKansas City Royals
61.2%
Albuquerque Isotopes, Chattanooga Lookouts, Rancho Cucamonga QuakersLos Angeles Dodgers
61.2%
Sacramento River Cats, Midland RockHounds, Stockton PortsOakland A's
59.7%
New Orleans Zephyrs, Jacksonville Suns, Jupiter HammerheadsFlorida Marlins
59.7%
Oklahoma City RedHawks, Corpus Christi Red Hooks, Lancaster JetHawksHouston Astros
56.7%
Indianapolis Indians, Altoona Curve, Bradenton MaraudersPittsburgh Pirates
56.7%
Charlotte Knights, Birmingham Barons, Winston-Salem DashChicago White Sox
55.2%
Round Rock Express, Frisco Rough Riders, Myrtle Beach PelicansTexas Rangers
55.2%
Louisville Bats, Carolina Mudcats, Bakersfield BlazeCincinnati Reds
53.7%
Salt Lake City Bees, Arkansas Travelers, Inland Empire 66ersLos Angeles Angels of Anaheim
46.3%
Reno Aces, Mobile BayBears, Visalia RawhideArizona D-Backs
46.3%
Rochester Red Wings, New Britian Rock Cats, Fort Myers MiracleMinnesota Twins
43.3%
Nashville Sounds, Huntsville Stars, Brevard County ManateesMilwuakee Brewers
43.3%

You're not logged in!

Compare scores with friends on all Sporcle quizzes.
Sign Up with Email
OR
Log In

You Might Also Like...

Show Comments

Extras

Top Quizzes Today


Score Distribution

Your Account Isn't Verified!

In order to create a playlist on Sporcle, you need to verify the email address you used during registration. Go to your Sporcle Settings to finish the process.